| 000 | 00837nam a22002297a 4500 | ||
|---|---|---|---|
| 999 |
_c20515 _d20515 |
||
| 003 | AR-CdUCM | ||
| 008 | 190531b ||||| |||| 00| 0 spa d | ||
| 040 |
_aMUNICIPALIDAD PROVINCIAL DEL CUSCO _cBIBLIOTECA MUNICIPAL DEL CUSCO |
||
| 082 |
_a620.13 / _bD83 |
||
| 100 |
_aDuda, Walter H. _942878 |
||
| 245 | _aManual tecnologico del cemento / | ||
| 260 |
_aEspaña : _bTécnicos asociados, _c1977. |
||
| 300 |
_a332 páginas ; _bGráficos, imágenes _c35 cm. |
||
| 505 | _aContenido : Materiales primas -- Componente calcáreo -- Caliza -- Creta --Marga... | ||
| 650 |
_aMétodo calculado _942879 |
||
| 650 |
_aDesecación de las materias primas _942880 |
||
| 650 |
_aMolienda de cemento _942881 |
||
| 650 |
_aAccionamiento de los molinos _942882 |
||
| 700 |
_aSarabia Gonzalez, Antonio _942883 |
||
| 942 |
_2ddc _cLIBROS |
||
| 945 | _arcc | ||